[Event "RUS-chT 09th Group1"]
[Site "Ekaterinburg"]
[Date "2002.05.22"]
[Round "6"]
[White "Svidler, Peter"]
[Black "Iljushin, Alexei"]
[Result "1-0"]
[WhiteElo "2688"]
[BlackElo "2517"]
[Annotator "Finkel,A"]
[PlyCount "81"]
[EventDate "2002.05.17"]
[EventType "team-tourn"]
[EventRounds "7"]
[EventCountry "RUS"]
[SourceTitle "CBM 090"]
[Source "ChessBase"]
[SourceDate "2002.09.20"]
[SourceVersion "1"]
[SourceVersionDate "2002.09.20"]
[SourceQuality "1"]
[WhiteTeam "Sankt Petersburg Lentransgaz"]
[BlackTeam "Saratov GShK"]
[WhiteTeamCountry "RUS"]
[BlackTeamCountry "RUS"]

1. e4 e6 2. d4 d5 3. Nc3 Nf6 4. e5 Nfd7 5. f4 c5 6. Nf3 Nc6 7. Be3 cxd4 8. Nxd4
Bc5 9. Qd2 O-O 10. O-O-O Bxd4 11. Bxd4 a6 12. Bf2 $5 {In the following game
Svidler introduces very interesting and logical plan, which is however not
very typical for this variation.} (12. Qe3 Qc7 (12... b5 13. Bd3 (13. Qh3 Nxd4
14. Rxd4 Qb6 15. Bd3 $6 f5 16. Ne2 Nb8 17. g4 Nc6 18. c3 b4 $15 {Brustman,
A-Voiska,M/Thessaloniki 1988}) 13... Nxd4 (13... Qa5 14. f5 $1 Nxd4 15. f6 Qd8
16. Qxd4 $16 {Palkovi,J-Marinkovic,S/Cacak 1991}) 14. Qxd4 Qb6 15. Ne2 Bb7 16.
Qxb6 Nxb6 17. Nd4 Nd7 18. Rde1 Rae8 $11 {Damjanovic,V-Marinkovic,S/Belgrade
1995}) 13. Bd3 Nxd4 14. Qxd4 Qc5 15. Ne2 b5 16. Rhe1 Bb7 17. f5 Qxd4 18. Nxd4
Rae8 19. Nf3 Re7 20. Re3 $14 {Ekstroem,R-Quinto,G/Mendrisio 1989}) (12. Bg1 b5
13. Kb1 b4 14. Na4 a5 15. Bb5 Qc7 16. Qe2 Bb7 17. h4 Ncb8 18. h5 Ba6 19. Bd3
$14 {Mitkov,N-Marinkovic,S/Vrnjacka Banja 1991}) (12. Be3 b5 13. h4 b4 14. Na4
Qa5 15. b3 Bb7 16. Rh3 Rab8 17. Kb1 Ne7 18. Ba7 Rbc8 19. h5 $14 {Vasiukov,
E-Zaitseva,L/Moscow 1991}) (12. g3 b5 13. Bg2 Bb7 14. Rhe1 b4 15. Ne2 Qa5 16.
Kb1 Rfc8 17. f5 $36 {Adla,D-Mellano,S/ARG 1991}) 12... b5 (12... Qa5) 13. Ne2
$5 b4 14. Nd4 Nxd4 15. Bxd4 a5 16. g4 Qc7 {Probably more accurate was} (16...
Ba6 $5 17. f5 $6 Qc7 18. f6 Rfc8 (18... Nxe5 $5 19. Qg5 Ng6 $36) 19. fxg7 a4
$36) 17. Bb5 $5 Ba6 {Black doesn't feel the danger yet.} (17... Nc5 18. Qe3 Ne4
19. Bd3 Bb7 20. f5 a4 $13) 18. Bxd7 Qxd7 19. Rhg1 Rfc8 20. f5 Qb5 $5 {[%cal
Gb5e2,Gb4b3]} (20... Qa4 $6 21. Kb1 Rc7 22. f6 Rac8 23. Rc1 $16) 21. Rg2 $1 {
Preventing Qe2 and defending on c2 in case black triples his major pieces over
the c-file.} b3 22. axb3 Qxb3 23. f6 Qb4 (23... Qa2 $2 24. Qg5 g6 25. Qh6 Qa1+
26. Kd2 $18) 24. Qxb4 axb4 25. b3 $1 $14 {[%csl Ra6,Rb4] Black bishop is out
of play, which makes black's defensive task very difficult.} gxf6 (25... Bb5
26. Kb1 Ra6 27. fxg7 Kxg7 28. Rf2 Rca8 29. Rg1 $14 {[%csl Rb4,Rf7][%cal Gg1g3,
Gg3f3,Gf3f4]}) 26. exf6 Rc6 27. g5 Kf8 28. h4 Ke8 29. h5 Rac8 30. Be5 $1 {
[%cal Gd1d4] Preparing to attack the pawn on b4.} Kd7 31. Kb1 Rg8 32. g6 $1
hxg6 33. hxg6 Rxg6 (33... fxg6 34. Rh1 $1 Rcc8 35. Rh7+ Kc6 36. f7 Rgf8 37.
Rxg6 Kd7 38. Bf4 $18) 34. Rxg6 fxg6 35. Rh1 $18 {White pawn on f6 is
unstoppable.} Rc8 36. Rh7+ Kc6 37. Re7 d4 38. f7 d3 39. cxd3 Bxd3+ 40. Kb2 Kd5
41. Rc7 $1 1-0

[Event "Mainz Ordix op"]
[Site "Mainz"]
[Date "2002.08.17"]
[Round "5"]
[White "Glek, Igor Vladimirovich"]
[Black "Svidler, Peter"]
[Result "1-0"]
[WhiteElo "2590"]
[BlackElo "2690"]
[PlyCount "43"]
[EventDate "2002.08.17"]
[EventType "swiss (rapid)"]
[EventRounds "11"]
[EventCountry "GER"]
[SourceTitle "CBM 089 Extra"]
[Source "ChessBase"]
[SourceDate "2002.09.10"]
[SourceVersion "2"]
[SourceVersionDate "2002.09.10"]
[SourceQuality "1"]

1. e4 c5 2. Nf3 e6 3. d3 Nc6 4. g3 g6 5. Bg5 f6 6. Bd2 d5 7. Bg2 Bd6 8. O-O
Nge7 9. exd5 exd5 10. Re1 Kf7 11. Nc3 Re8 12. h3 Be6 13. a3 Qd7 14. Kh2 Kg7 15.
Rb1 a6 16. Na4 Nc8 17. b4 b6 18. bxc5 bxc5 19. c4 d4 20. Bf4 Be7 21. Nd2 g5 22.
Qf3 1-0

[Event "RUS-The World"]
[Site "Moscow"]
[Date "2002.09.11"]
[Round "9"]
[White "Svidler, Peter"]
[Black "Gelfand, Boris"]
[Result "1/2-1/2"]
[WhiteElo "2690"]
[BlackElo "2710"]
[Annotator "Huzman,A"]
[PlyCount "71"]
[EventDate "2002.09.08"]
[EventType "schev (rapid)"]
[EventRounds "10"]
[EventCountry "RUS"]
[SourceTitle "CBM 091"]
[Source "ChessBase"]
[SourceDate "2002.11.12"]
[SourceVersion "1"]
[SourceVersionDate "2002.11.12"]
[SourceQuality "1"]
[WhiteTeam "Russia"]
[BlackTeam "The World"]
[WhiteTeamCountry "RUS"]

1. e4 e5 2. Nf3 Nf6 3. Nxe5 d6 4. Nf3 Nxe4 5. d4 d5 6. Bd3 Be7 7. O-O Nc6 8. c4
Nb4 9. Be2 O-O 10. Nc3 Bf5 11. a3 Nxc3 12. bxc3 Nc6 13. Re1 Re8 14. cxd5 Qxd5
15. Bf4 Rac8 16. c4 Qe4 17. Be3 Bf6 18. Ra2 b6 19. h3 Na5 20. g4 Bg6 21. g5 Be7
22. Ne5 Bd6 23. Bd3 (23. Nxg6 hxg6 24. c5 Bf8 25. Bg4 Rcd8 26. Rae2 Qc6 (26...
Qd5 27. Bf4 Rxe2 28. Qxe2 c6 $2 (28... Qc6 $5 {Huzman} 29. Bf3 Qd7 $11) 29. Bc7
$1 $16 {1-0 Kasparov,G-Adams,M/Linares 2002/CBM 88/[Huzman] (47)}) 27. cxb6 {
1/2-1/2 Anand,V-Adams,M/Linares ESP 2002/ (27)}) 23... Qh4 24. Nxg6 hxg6 {
The king's side of White is weak, that's why Svidler decides to go for
exchanging of queens.} 25. Qg4 (25. Qf3 Nb3 26. Rae2 c5 $1 27. Bxg6 fxg6 28.
Qd5+ Kh7 29. Qxd6 cxd4 30. Bf4 Red8 31. Qe5 d3 $17) 25... Qxg4+ 26. hxg4 Bf4 (
26... c5 27. d5 Nb3 $11) 27. Rae2 Bxe3 28. fxe3 (28. Rxe3 Rxe3 29. Rxe3 Kf8 $11
) 28... c5 29. Kf2 Nc6 30. Kg3 cxd4 31. exd4 Rxe2 32. Rxe2 Nxd4 33. Re7 Nc6 (
33... a5 $5 34. Kf2 (34. Rb7 b5 35. Rd7 (35. cxb5 Rc3 36. Rb8+ Kh7 37. Kf4 Rxd3
38. Ke4 Rd1 39. Rd8 Nxb5 $18) 35... bxc4 36. Rxd4 cxd3 37. Rxd3 Kf8 $17) 34...
Nc6 35. Rb7 Ne5 $17) 34. Rb7 Ne5 (34... Re8 35. Kf4 Re7 36. Rxe7 Nxe7 37. Ke5
Nc6+ 38. Kd6 $16) 35. Be2 Nxc4 36. Rxa7 1/2-1/2

[Event "RUS-The World"]
[Site "Moscow"]
[Date "2002.09.11"]
[Round "10"]
[White "Shirov, Alexei"]
[Black "Svidler, Peter"]
[Result "1-0"]
[WhiteElo "2697"]
[BlackElo "2690"]
[Annotator "Ftacnik,L"]
[PlyCount "53"]
[EventDate "2002.09.08"]
[EventType "schev (rapid)"]
[EventRounds "10"]
[EventCountry "RUS"]
[SourceTitle "CBM 091"]
[Source "ChessBase"]
[SourceDate "2002.11.12"]
[SourceVersion "1"]
[SourceVersionDate "2002.11.12"]
[SourceQuality "1"]
[WhiteTeam "The World"]
[BlackTeam "Russia"]
[BlackTeamCountry "RUS"]

1. e4 c5 2. Nf3 d6 3. d4 cxd4 4. Nxd4 Nf6 5. Nc3 a6 6. Be3 e6 7. f3 b5 8. g4 h6
9. Qd2 Nbd7 10. O-O-O Bb7 11. h4 b4 12. Na4 Qa5 13. b3 Rc8 14. Kb1 $5 {Shirov
has prepared the peaceful continuation instead of the heavily played and
analysed continuation 14.a3.} (14. a3) 14... Nc5 15. Nxc5 (15. Nb2 Nfxe4 {
0-1 Mull,T-Maxion,D/Dortmund 1987/ (15)}) 15... dxc5 16. Ne2 Bc6 (16... Rd8 17.
Qxd8+ Qxd8 18. Rxd8+ Kxd8 19. Nf4 Nd7 20. Be2 Bd6 21. Nd3 Kc7 {1/2-1/2 Kim,
A-Belov,V/Pardubice 2002/ (60)}) (16... c4 $5 17. Ng3 (17. bxc4 Qa4 18. Qd3 (
18. Nc1 $2 Bxe4 19. fxe4 Nxe4 20. Qd3 Nc3+ 21. Ka1 Be7 $19) 18... Be7 $13)
17... cxb3 18. cxb3 Qc7 19. Be2 Be7 (19... Qxg3 $2 20. Bf4 Qf2 21. Bb5+ $18)
20. Bf2 $13) 17. Ng3 Nd7 (17... Rd8 18. Qxd8+ Qxd8 19. Rxd8+ Kxd8 20. Bxa6 $14)
18. f4 Be7 (18... Nf6 19. g5 Ng4 20. Bg1 hxg5 21. hxg5 Rxh1 22. Nxh1 $14) 19.
Bd3 Nb6 (19... Nf6 20. Qe2 $14) 20. Qf2 Na8 $5 {Svidler has very original mind
and his knight on b5 would certainly cause his opponent serious problems. The
disadvantage of the rather longish knight manouver is the chance for white to
begin the attack first.} (20... Rb8 21. Be2 c4 22. Bd4 c3 23. Ka1 $14) 21. g5
$1 Nc7 22. Nh5 Nb5 (22... g6 23. Ng7+ (23. Nf6+ Bxf6 24. gxf6 Nb5 25. Bd2 c4
26. bxc4 Nc3+ 27. Bxc3 bxc3 28. Ka1 Qd8 29. h5 Qxf6 $11) 23... Kf8 24. f5 $1 (
24. gxh6 $6 Nb5 25. Bxb5 (25. Bd2 c4 26. bxc4 Nc3+ 27. Bxc3 bxc3 28. Ka1 Bc5
29. Qg3 Rxh6 $19) 25... axb5 26. h5 Ra8 $17) 24... exf5 (24... Kxg7 25. f6+ $18
) 25. Nxf5 gxf5 26. Qxf5 Rd8 27. Bc4 $18) 23. Bxb5 axb5 (23... Qxb5 24. Nxg7+
Kf8 25. f5 hxg5 26. fxe6 f6 27. hxg5 $18) 24. Nxg7+ Kf8 25. Nxe6+ $1 {[%mdl
128] Black will not get the chance to build attack, since his own defense will
colapse after white's combination.} (25. f5 Ra8 26. a4 $18) 25... fxe6 (25...
Kg8 26. gxh6 Rxh6 27. f5 $18) 26. f5 Ke8 (26... Rh7 27. g6 Ra8 28. fxe6+ Kg8 (
28... Ke8 29. Qf7+ $3 Rxf7 30. gxf7+ Kf8 31. Bxh6#) 29. gxh7+ $18) (26... Kg8
27. Qg3 Rh7 28. gxh6+ Kf8 29. Rhg1 $18) (26... Bxe4 27. fxe6+ $18) 27. fxe6 (
27. fxe6 Rf8 (27... Rh7 28. g6 Ra8 29. Qf7+ $3 Rxf7 30. gxf7+ Kf8 31. Bxh6#)
28. Qe2 Bd8 29. Qh5+ Ke7 30. Bxc5+ $18) 1-0

[Event "EU-Cup 18th"]
[Site "Kallithea"]
[Date "2002.09.25"]
[Round "4.2"]
[White "Svidler, Peter"]
[Black "Tiviakov, Sergei"]
[Result "1-0"]
[WhiteElo "2690"]
[BlackElo "2628"]
[Annotator "Tsesarsky,I"]
[PlyCount "57"]
[EventDate "2002.09.22"]
[EventType "team-swiss"]
[EventRounds "7"]
[EventCountry "GRE"]
[SourceTitle "CBM 092"]
[Source "ChessBase"]
[SourceDate "2003.02.06"]
[SourceVersion "1"]
[SourceVersionDate "2003.02.06"]
[SourceQuality "1"]
[WhiteTeam "Paris NAO"]
[BlackTeam "Skopje Alkaloid"]
[WhiteTeamCountry "FRA"]
[BlackTeamCountry "MKD"]

1. e4 c5 2. Nf3 Nc6 3. d4 cxd4 4. Nxd4 g6 5. c4 Nf6 6. Nc3 d6 7. Nc2 Bg7 8. Be2
Nd7 9. O-O Nc5 10. Bd2 O-O 11. b4 {[%mdl 4] Black should decide, to accept P
sacrifice or not.} Bxc3 $18 {?? After this game we can say: to accept P
sacrifice is decisive mistake...} ({It was necessary to reply} 11... Ne6 12.
Rc1 ({After} 12. Rb1 Ned4 13. Nxd4 Nxd4 14. Nd5 e6 15. Ne3 b6 16. Bd3 Bb7 17.
Nc2 {Black equalized:} Nxc2 18. Qxc2 Rc8 19. Qa4 Rc7 20. Be3 Qa8 21. f3 f5 $132
{0-1 Sokolov,I-Reinderman,D/Rotterdam 1999/CBM 72 (65)}) 12... a5 (12... Bd7
13. Nd5 {-see detailed commented game 1-0 Ananchenko,I-Tseshkovsky,V/Krasnodar
1997/EXT 2000[Tsesarsky,I] (42)}) 13. b5 $5 {Interesting try.} (13. a3 axb4 14.
axb4 Ned4 {-see detailed commented game 1-0 Pigusov,E-Reinderman,D/Ohrid 2001/
CBM 84_01[Tsesarsky,I] (31)}) 13... Ne5 14. Nd5 Nc5 15. Bg5 $1 {White
sacrifices P.} f6 16. Be3 Nxe4 17. Bb6 Qd7 18. f4 Nf7 19. Bd3 f5 $8 20. Bxe4
fxe4 21. Bd4 {[%cal Gd5b6]} Qd8 22. Bxg7 Kxg7 23. Nce3 $14 {1-0 Ibragimov,
I-Vokarev,S/Ubeda ESP 2001/The Week in Chess 325 (37)}) 12. Bxc3 Nxe4 13. Bb2
Be6 14. b5 $1 {Looks the best move in this position.} ({Very bad is} 14. f3 $2
Qb6+ 15. Nd4 Qxb4 16. Qc1 Qc5 $17 {1/2-1/2 Kristiansen,J-Trauth,M/Berlin-West
1980/MCD (21)}) (14. Bf3 Nf6 15. Qe2 Qc7 16. Rac1 a5 17. b5 Ne5 18. Ne3 Nxf3+
19. Qxf3 Nd7 20. h4 f6 21. h5 gxh5 22. Nd5 Bxd5 23. Qxd5+ Kh8 24. Rfe1 Nc5 25.
Rcd1 Rad8 26. b6 Qd7 27. Bd4 e6 28. Qxh5 $14 {1-0 Franco Ocampos,Z-Adla,D/
Cordoba 1994/EXT 97 (39)}) (14. Bd3 Nf6 15. Qd2 a5 16. a3 Ne5 17. Ne3 axb4 18.
axb4 Rxa1 19. Bxa1 Qc7 $44 {1/2-1/2 Perunovic,M-Pikula,D/Lazarevac 1999/CBM 73
ext (38)}) 14... Ne5 15. Qd4 (15. Ne3 $5 f5 16. Nd5 Nf6 17. f4 Ned7 18. Bf3
Bxd5 19. Bxd5+ Nxd5 20. Qxd5+ Rf7 21. Rfe1 Nf6 22. Qxb7 Qb6+ 23. Qxb6 axb6 24.
Bxf6 exf6 25. Re6 $16 {1-0 Matsuura,E-De Souza,M/Sao Paulo BRA 2002/The Week
in Chess 413 (44)}) 15... Nf6 16. f4 $1 $18 (16. Ne3 $143 $2 Ned7 17. Rad1 a6 {
and Black eventually equalized:} 18. g4 Qb6 19. Qxb6 Nxb6 20. Bxf6 exf6 21.
Rxd6 Nc8 22. Rd2 axb5 23. cxb5 {1/2-1/2 Smirin,I-Tiviakov,S/Paris 1991/TD (23)}
) 16... Ned7 ({After} 16... Neg4 17. h3 Nh6 18. g4 {[%csl Rf6,Rh6][%cal Gg4g5,
Gb2h8] White has winning position:} Rc8 19. Ne3 Bd7 20. g5 $18 {1-0 Van Wely,
L-Gustafsson,J/Dieren 1999/CBM 71 ext (35)}) 17. g4 {[%csl Re6][%cal Gf4f5]
Threatening f4-f5} Qb6 18. f5 Bxc4 19. Bxc4 {It was possible to resign just
here...} Nxg4 20. Bd5 Rac8 21. Ne3 Nge5 22. Qxb6 Nxb6 23. Bxb7 Rb8 24. Ba6 Nd3
25. Bd4 Nb4 26. Rfc1 Nxa6 27. bxa6 e5 28. fxe6 fxe6 29. Rab1 1-0

[Event "EU-Cup 18th"]
[Site "Kallithea"]
[Date "2002.09.27"]
[Round "6.2"]
[White "Svidler, Peter"]
[Black "Akopian, Vladimir Eduardovic"]
[Result "1-0"]
[WhiteElo "2690"]
[BlackElo "2678"]
[Annotator "Finkel,A"]
[PlyCount "125"]
[EventDate "2002.09.22"]
[EventType "team-swiss"]
[EventRounds "7"]
[EventCountry "GRE"]
[SourceTitle "CBM 092"]
[Source "ChessBase"]
[SourceDate "2003.02.06"]
[SourceVersion "1"]
[SourceVersionDate "2003.02.06"]
[SourceQuality "1"]
[WhiteTeam "Paris NAO"]
[BlackTeam "Kazan Ladya"]
[WhiteTeamCountry "FRA"]
[BlackTeamCountry "RUS"]

1. e4 Nf6 2. e5 Nd5 3. d4 d6 4. Nf3 g6 5. Bc4 c6 6. exd6 Qxd6 7. O-O Bg7 8. h3
O-O 9. Re1 (9. Nbd2 Bf5 (9... Nd7 10. Bb3 Qc7 11. Re1 e5 $5 (11... N7f6 12. Nc4
a5 (12... b5 13. Nce5 a5 14. a3 e6 15. Nd3 Nd7 16. Bg5 $14 {Berndt,S-Schrems,H/
RLNS 1991 (37)}) 13. a3 a4 14. Ba2 b5 15. Nce5 c5 16. dxc5 Qxc5 17. Qd4 Qd6 18.
Qh4 $14 {Kavalek,L-Ljubojevic,L/Las Palmas 1973 (55)}) 12. dxe5 Nxe5 13. Nxe5
Bxe5 14. Nf3 Bg7 15. c3 Be6 16. Bg5 $14 {Korneev,O-Krivonogov,A/Moscow 1998})
10. Re1 (10. Bb3 b5 $6 (10... Na6 $5 11. Re1 Rad8 12. Nc4 Qc7 13. Nce5 b5 $6
14. Qe2 Qb6 15. a4 $1 b4 16. a5 Qb7 17. Qc4 $16 {Stocek,J-Freisler,P/CZE-ch
1993 (55)}) 11. Re1 Nb6 12. Ne4 Bxe4 13. Rxe4 Nd5 14. a4 e6 15. Bg5 $14 {
Kaula,R-Wielecki,Z/POL-ch Bielsko-Biala 1991/1-0 (51)}) 10... Nd7 11. Bb3 h6 $6
12. Nh4 $1 Bxd4 13. Ne4 $1 Bxe4 14. Qxd4 (14. Rxe4 $2 Bg7) 14... N5f6 15. Rxe4
Nxe4 16. Qxe4 Nc5 $1 17. Qe2 Nxb3 18. axb3 $14 {Kavalek,L-Bohm,H/Wijk aan Zee
1977}) 9... Nd7 10. Bb3 (10. Bf1 b5 11. a4 b4 12. c4 bxc3 13. bxc3 Re8 14. Ba3
Qb8 15. c4 Nb4 16. Nc3 a5 17. Rb1 Qc7 {1/2-1/2 Breyther,R-Konopka,M/Germany
1997/GER-chT2 (17)}) 10... b5 {Less commiting is 10...b6, but then black would
be exposed to c4 forcing black knight to leave very comfortable position on d5.
} (10... N5f6 11. Qe2 e6 12. Nc3 b6 13. Ne4 Nxe4 14. Qxe4 $14 {Komissarov,
I-Labunskiy,D/Podolsk 1993}) 11. Nbd2 Bb7 (11... Ba6 12. Ne4 Qc7 13. c3 Bb7 14.
Bg5 Rfe8 15. Qd2 a5 16. a3 Rad8 17. Rac1 $14 {Donatti,A-Soppe,G/Montevideo 1994
}) 12. Ne4 Qc7 13. Bg5 e6 {[%cal Gc6c5]} 14. c4 {Black was ready to push c5 so
white didn't have much choice, but to play c4.} (14. Qd2 $6 c5 15. Bxd5 Bxd5
16. Bh6 f6 17. Bxg7 Kxg7 $11) 14... bxc4 15. Bxc4 N5f6 {A bit passive. Very
serious attention deserved} (15... c5 $5 16. Rc1 {[%cal Gc1c7]} Rac8 17. dxc5 (
17. Nxc5 $6 Nxc5 18. Bxd5 Bxd5 19. Rxc5 Qb7 $44) 17... Bxb2 18. Rc2 Bg7 19. Qd2
(19. Nd6 Nc3 20. Qd2 Bxf3 21. gxf3 Qxc5 22. Nxc8 Rxc8 $132) 19... Bc6 20. Bh4
$5 $14 {[%cal Gh4g3,Gg3d6]}) 16. Nxf6+ Nxf6 17. Rc1 h6 18. Bh4 Rad8 (18... Rac8
$5) 19. Bb3 Qb6 20. Qc2 Rde8 21. Bg3 $16 {Black is deprived of active
counterplay while his weak pawn on c6 is a target for white pieces.} Qb4 22. a3
Qe7 23. Ne5 (23. Be5 $5) 23... Nd5 24. Nxc6 Qg5 {[%cal Gd5f4]} 25. h4 Qg4 26.
Qd1 $6 {Giving up a part of advantage. More convincing was} (26. Bxd5 $1 exd5
27. Ne5 $1 Qxd4 (27... Bxe5 28. dxe5 d4 29. Qd2 $18) 28. Red1 Qe4 29. Qxe4 dxe4
30. Nd7 e3 31. Nxf8 e2 32. Re1 $18) 26... Qxd1 27. Rexd1 Bxc6 28. Rxc6 Ne7 29.
Rc4 $6 {Another inaccuracy after which black has very good chances to survive.}
(29. Ra6 $5 Nf5 30. Be5 Re7 31. g4 Nxh4 32. Bd6 Rb7 33. Bxf8 Kxf8 34. Ba4 $16)
29... Nf5 30. Bc7 Rc8 31. d5 exd5 32. Rxd5 Bxb2 33. Ra5 Nd4 34. Ba2 Rfe8 $5 (
34... Ne2+ $5 35. Kf1 Nc1 36. Bb1 Nb3 {[%cal Gb3d2]} 37. Rd5 Bxa3 (37... Bc1 $6
38. Ba2 $1 Nd2+ 39. Rxd2 Bxd2 40. Ke2 $16 {[%csl Rd2]}) 38. Bc2 Nc5 39. Rcxc5
Bxc5 40. Rxc5 Rfe8 $14) 35. g3 Ne2+ 36. Kg2 Nc1 37. Bb1 Nb3 38. Rxa7 Nd2 39.
Rc2 Bd4 {Forcing multiple exchanges leading to a drawish endgame.} 40. Rb7 Nxb1
41. Rxb1 Be5 42. Rbc1 Bxc7 43. Rxc7 Rxc7 44. Rxc7 Re2 $14 45. Kf3 Ra2 46. Ra7
h5 47. a4 Kg7 48. a5 Kf6 49. a6 Ke5 50. Re7+ Kf6 51. Ra7 Ke5 52. Ke3 Ra3+ $2 (
52... f6 53. Re7+ Kd6 (53... Kf5 54. a7 g5 55. Rg7 $18 {[%cal Ge3b6]}) 54. Rg7
Rxa6 55. Rxg6 Ke6 56. Rh6 Ra5 57. Rh7 Rb5 $11) 53. Kd2 Ra2+ (53... Ke6 54. Kc2
f6 55. Kb2 Rf3 56. Rb7 Rxf2+ 57. Ka3 Rf1 58. Rb2 $18) 54. Kc3 Rxf2 (54... Kd5
55. Kb4 Rxf2 56. Rc7 Ra2 57. a7 $18) 55. Rb7 Ra2 56. a7 Kf6 57. Kc4 Ra1 58. Kb5
Rb1+ 59. Kc6 Rc1+ 60. Kb6 Rb1+ 61. Kc7 Ra1 62. Kb8 Kf5 63. Rb4 $1 1-0

[Event "Bundesliga 0203"]
[Site "Germany"]
[Date "2003.03.30"]
[Round "15.1"]
[White "Svidler, Peter"]
[Black "Breder, Dennis"]
[Result "1-0"]
[WhiteElo "2690"]
[BlackElo "2440"]
[Annotator "Gofshtein,L"]
[PlyCount "73"]
[EventDate "2002.10.19"]
[EventType "team-tourn"]
[EventRounds "15"]
[EventCountry "GER"]
[SourceTitle "CBM 095"]
[Source "ChessBase"]
[SourceDate "2003.07.25"]
[SourceVersion "1"]
[SourceVersionDate "2003.07.25"]
[SourceQuality "1"]
[WhiteTeam "Baden Oos"]
[BlackTeam "Godesberg"]
[WhiteTeamCountry "GER"]
[BlackTeamCountry "GER"]

1. e4 c5 2. Nf3 d6 3. d4 Nf6 4. Nc3 cxd4 5. Nxd4 Nc6 6. Bc4 Qb6 {Black doesn't
want to allow Velimirovic Attack by this move order, which could be arised by
6...e6 7.Be3;} 7. Nb3 (7. Ndb5) 7... e6 8. Bf4 Ne5 9. Be2 a6 (9... Be7 10. Be3
$1 Qc7 11. Nb5 Qb8 12. f4 $16) 10. g4 {White goes for immediate pawn storm
over the kingside; Another possible continuation of the attack is 10.Bg3
following by 11.f4 and e4-e5 then as it happened in one games of Kramnik;
Black received good counterplay there thanks to the 10...h5 reply;} (10. Bg3 h5
$3 11. h3 (11. f4 $2 Neg4) (11. f3 Qc7 12. Qd4 $6 h4 13. Bf2 b5 $1 14. a4 Nc6
15. Qd2 b4 16. Na2 d5 $1 $132) (11. f3 $5 {Boensch}) 11... Qc7 (11... g5 $5)
12. f4 (12. a4 Bd7 $1 13. Qd4 Rc8 $10) 12... Nc4 $132 {0-1 Ivanchuk,V-Kramnik,
V/Linares 1993/CBM 34/[Kramnik] (33)}) (10. Qd2 Qc7) 10... Qc7 11. g5 Nfd7 12.
Bg3 (12. Qd4 b5 13. O-O-O Rb8 14. Bg3 b4 15. Nd5 exd5 16. exd5 g6 17. Bg4 Bg7
18. Bxd7+ Bxd7 19. f4 Bf5 20. Kb1 Qxc2+ 21. Ka1 Qxb3 22. fxe5 Qa4 {0-1 Cela,
A-Kotronias,V/Athens 1996/CBM 55 ext (22)}) 12... b5 13. Qd4 Rb8 14. f4 $146 {
[%mdl 8] Only this move is a novelty! White begins immediate operations in the
centre; 13.0-0-0 ,which was played in Kotronias game (see 12.Qd4 ) allows
black to get immediate counterplay by b5-b4;} Nc6 15. Qe3 Be7 16. O-O-O b4 17.
Na4 Nb6 $6 {In my opinion, the swap of white Na4 isn't necessary here since
that knight is just dumb there; Black could get good counterplay by 17...Nd8
or 17...Bb7;} (17... Bb7 $5 $132) 18. Nxb6 Qxb6 19. Qxb6 Rxb6 {[%mdl 4096]
White has better chances in this multiple-pieces ending because of better
placed pieces and weak of pawns of black over the queenside;} 20. Nd2 {[%cal
Rd2c4]} (20. Bf2 Rb8 21. h4 $14) 20... Na5 {[%cal Ra5c4] Black is just
preventing Nc4 of white by his last move;} 21. Bf2 Rc6 22. Rhg1 O-O 23. Kb1 Re8
24. Rg3 {White transfers the rook to 3rd rank intending a2-a3 break;} Bb7 25.
a3 d5 26. axb4 Bxb4 27. Rd3 $6 {Unaccuracy, which wasn't exploited by black in
this game; 27.c3 could give white obvious advantage;} (27. c3 $5 Bd6 28. e5 Bc7
$16) 27... Nc4 $6 {Unaccurate moves which leads black to troubles; Correct is
27...dxe4 with good counterplay;} (27... dxe4 $5 28. Nxe4 (28. Rd7 Bc8 (28...
Rd6 29. Rxd6 Bxd6 30. Nb3 Bb4 31. Bc5 $14) 29. Ra7 e5 30. c3 Bd6 $132) 28...
Rxc2 29. Nf6+ gxf6 30. Kxc2 Be4 $132) 28. Nxc4 dxc4 {Probably, 28....Rxc4 was
better idea which leads to some complications; After the text move, white's
advantage is obvious;} (28... Rxc4 29. Rb3 Rxe4 30. Bd3 Rxf4 31. Be3 Rh4 32. c3
e5) 29. Rd7 $16 {White intercepts the initiative by entering to the 7th rank;}
Bc8 30. Ra7 Kf8 $6 {This waiting strategy led black to the loss in this game;}
(30... Rd6 $5 31. Be3 Rxd1+ 32. Bxd1 Bd6) 31. e5 $1 $18 {This move grabs even
more space and opens up the diagonal for white light square bishop;} Bc5 32.
Bxc5+ Rxc5 33. Rd4 c3 34. b4 Rd5 35. Rc4 Rd2 36. Bd3 {[%cal Rc4c7]} a5 37. b5 {
Black resigned since there is no good defense against all threats of white;}
1-0

[Event "Los Inmortales op 4th"]
[Site "Santo Domingo"]
[Date "2002.12.05"]
[Round "9"]
[White "Short, Nigel D"]
[Black "Svidler, Peter"]
[Result "1/2-1/2"]
[WhiteElo "2684"]
[BlackElo "2690"]
[PlyCount "37"]
[EventDate "2002.11.29"]
[EventType "swiss"]
[EventRounds "9"]
[EventCountry "DOM"]
[SourceTitle "CBM 091 Extra"]
[Source "ChessBase"]
[SourceDate "2003.01.09"]
[SourceVersion "1"]
[SourceVersionDate "2003.01.09"]
[SourceQuality "1"]

1. e4 c6 2. d4 d5 3. Nd2 dxe4 4. Nxe4 Bf5 5. Ng3 Bg6 6. Bc4 e6 7. N1e2 Bd6 8.
h4 h6 9. Nf4 Bxf4 10. Bxf4 Nf6 11. h5 Bh7 12. O-O Nbd7 13. Bb3 O-O 14. Re1 Qb6
15. c4 c5 16. d5 exd5 17. cxd5 Qb4 18. Qd2 Qxd2 19. Bxd2 1/2-1/2